Colors A-Z - Statistics

General Stats
  • This quiz has been taken 284 times
  • The average score is 11 of 26
Answer Stats
HINT Answer % Correct
R Red
90%
Y Yellow
87%
B Beige
83%
V Violet
80%
A Aqua
79%
T Turquoise
74%
M Maroon
73%
N Navy
73%
L Lavender
67%
G Gold
65%
J Jade
55%
P Peach
51%
I Ivory
45%
F Fuchsia
43%
E Eggplant
35%
H Hot Pink
23%
U Umber
22%
K Kiwi
21%
O Orchid
21%
W Watermelon
20%
D Daffodil
12%
Q Quick Silver
12%
X Xanadu
6%
S Sea Foam Green
5%
C Cadet
3%
Z Zaffre
3%
No matching quizzes found
Score Distribution
Percent of People with Each Score
Percentile by Number Answered
Your Score History
You have not taken this quiz